| 000 | 00630nam a2200169 4500 | ||
|---|---|---|---|
| 001 | 117325 | ||
| 003 | ES-MaACL | ||
| 005 | 20230906190859.0 | ||
| 007 | t| | ||
| 008 | 071121s1959 sp r ||||1| spa d | ||
| 100 | 1 |
_aPeñalosa Esteban-Infantes, Margarita. _990302 |
|
| 245 | 1 | 0 |
_aAspectos del movimiento europeísta desde la segunda guerra mundial / _cMargarita Peñalosa Esteban-Infantes. |
| 260 |
_aCiudad Real : _bConsejo Superior de Investigaciones Científicas, _c1959. |
||
| 300 |
_a25 p. ; _c22 cm. |
||
| 710 | 2 |
_aConsejo Superior de Investigaciones Científicas (España) _93236 |
|
| 852 |
_aES-MaACL _j2017-F-15 _bR.45805 |
||
| 999 |
_c117325 _d117325 |
||